| 000 | 00648nam a2200181 a 4500 | ||
|---|---|---|---|
| 005 | 20240910064051.0 | ||
| 008 | 991125s1986 mx 000 0 spa u | ||
| 035 | _aUPN01000001437 | ||
| 049 | _aCG | ||
| 050 | 4 |
_aRC564 _bA4.37 |
|
| 245 | 0 | 0 |
_aAlcohol etílico : _bdiagnóstico, acciones específicas, perspectivas. |
| 260 |
_a[México] : _bComité Intersectorial de Producción, Distribución y Consumo de Alcohol Etílico, _c1986. |
||
| 300 | _a131 p. | ||
| 520 | _aA la cabeza de la portada: Programa Nacional contra el Alcoholismo y el Abuso de Bebidas Alcohólicas | ||
| 650 | 2 |
_aAlcohol _92108 |
|
| 650 | 4 |
_aAlcoholismo _92121 |
|
| 905 | _aLibro | ||
| 999 |
_c1437 _d1437 |
||